| 000 | 00736nam a22001577a 4500 | ||
|---|---|---|---|
| 003 | OSt | ||
| 005 | 20151003141709.0 | ||
| 008 | 151003b xxu||||| |||| 00| 0 eng d | ||
| 040 | _cRUA | ||
| 082 | _aAVM TEC 1999 B071 Or.1 | ||
| 100 |
_91900 _aTECH, THEAVY. |
||
| 245 | _aEffect of drudkweed cassava leaves silage on a basal diet of rice bran for local scavenging growing chickens, ឥទ្ធពលនៃចកបាយទា ស្លឹកដំឡូងឈើផ្អាប់ និងកណ្ទក់ទៅលើការលូតលាស់របស់មាន់ក្នុងស្រុកដែលចិញ្ចឹមលែង | ||
| 260 |
_aPhnom Penh _bRUA _c1999 |
||
| 300 |
_a36p. _bill. _c29cm. |
||
| 942 |
_2ddc _cAVM |
||
| 999 |
_c1795 _d1795 |
||